Famiglia e diritto nella Chiesa
Gorde:
| Egile nagusia: | |
|---|---|
| Formatua: | Liburua |
| Hizkuntza: | italiera |
| Argitaratua: |
Ciudad del Vaticano
Libreria Editrice Vaticana
2014
|
| Edizioa: | 1a. ed |
| Saila: | Studi Giuridici, CVII
|
| Gaiak: | |
| Etiketak: |
Etiketa erantsi
Etiketarik gabe, Izan zaitez lehena erregistro honi etiketa jartzen!
|
MARC
| LEADER | 00000cam a2200000 a 4500 | ||
|---|---|---|---|
| 001 | UCD1625 | ||
| 003 | CL-VaPUC | ||
| 008 | 160316e20140000vc |||||||||||||||||ita|d | ||
| 020 | |a 9788820994020 | ||
| 082 | 0 | 4 | |a 262.9 |b TIN |2 21 |
| 100 | 0 | |a Tinti, Myriam |e author |9 584751 | |
| 245 | 1 | 0 | |a Famiglia e diritto nella Chiesa |
| 250 | |a 1a. ed | ||
| 300 | |a 315 p | ||
| 942 | |c BK | ||
| 945 | |d 20160316 17:23:00 |a arojas | ||
| 260 | |a Ciudad del Vaticano |b Libreria Editrice Vaticana |c 2014 | ||
| 650 | 7 | |a RELACIONES FAMILIARES |2 CL-VaPUC |9 333100 | |
| 650 | 0 | |a Iglesia Católica |9 256114 | |
| 650 | 7 | |a DERECHO CANONICO |2 CL-VaPUC |9 584752 | |
| 651 | 0 | |a Italia |9 254949 | |
| 583 | |a last modification |c 20160316 17:23:00 |k Rodrigo Vera | ||
| 490 | 0 | |a Studi Giuridici, CVII | |
| 999 | |c 362896 |d 362894 | ||
| 952 | |0 0 |1 0 |3 erb |4 0 |6 262_900000000000000_TIN_2014 |7 0 |8 A |9 474492 |a BIBDER |b BIBDER |i 5267234 |l 1 |o 262.9 TIN 2014 |p 5267234 |r 2023-09-22 |s 2023-09-08 |w 2019-11-24 |y BK |z Catalogado en:20160316 |k DER | ||